000 01231nam a22003497a 4500
003 CHAP
005 20220329143901.0
008 120525s1994 mdu r 00010 eng d
010 _a103227
011 _a104199
022 0 _a1052-5378
035 _a114889
040 _cCHAP
082 0 4 _a003.3016
_bM28
100 1 _aMakuch, Joe
_969968
245 1 0 _aSimulation models, GIS and nonpoint-source pollution :
_bjanuary 1991 - december 1993
_c/por Joe Makuch y Bonnie Emmert
260 _aMaryland, EUA :
_bNational Agricultural Library,
_c1994
300 _a69 p.
490 0 _aQuick bibliography series.
_pWater quality
_v; 94-06
590 _aBATCH-UPD
_b10
_c20130110
_lUCH01
_h1622
590 _aBATCH-UPD
_b10
_c20130410
_lUCH01
_h0948
590 _aBATCH-UPD
_b10
_c20130914
_lUCH01
_h1259
590 _aCONVERSION
_b10
_c20130109
_lUCH01
_h1357
650 1 4 _aAgua
_xContaminacion
_xBibliografia.
_92352
650 1 4 _aAire
_xContaminacion
_xBibliografia.
_93139
650 1 4 _aModelos de simulación.
_976415
700 1 _aEmmert, Bonnie
_936531
830 0 _aQuick bibliography series.
_pWater quality
_v; 94-06
_993295
901 _aBK
942 _cLIBRO
949 _a003.3016 M28
_bBC
_cC
_d33724002334173
_eC
_h116696
_i114889
_sb
999 _c103227
_d103227